000 00970nam a2200265 a 4500
001 63385
003 BD-RjUL
005 20211209081207.0
008 170130s1965 ii a b 001 0 eng
035 _a(BD-RjUL)63514
040 _aDLC
_cDLC
_dDLC
_dBD-RjUL
_beng
041 _aeng
082 _223
_a793.31954
_bBHD 1970
100 1 _aBhavnani, Enakshi.
_9188608
245 1 4 _aThe dance in India:
_bthe origin and history, foundations, the art, and science of the dance in India, classical, folk, and tribal /
_cEnakshi Bhavnani ; Foreword by Kamaladevi Chattopadhyaya.
250 _a2nd ed.
260 _aBombay :
_bD. B. Taraporevala Sons,
_c1970.
300 _axxvi, 261 p. :
_bill. ;
_c28 cm.
490 0 _aTaraporevala's treasure house of books.
504 _aInclude bibliography and index.
650 0 _aDance
_zIndia.
_9188609
700 _aChattopadhyaya, Kamaladevi
_9239034
830 _aTaraporevala's treasure house of books.
_9239035
942 _2ddc
_cBK
999 _c63385
_d63385